| 000 | 00882nam a22002897a 4500 | ||
|---|---|---|---|
| 003 | CHAP | ||
| 005 | 20220329140745.0 | ||
| 008 | 971013s1948 nyua r 00010 eng d | ||
| 010 | _a57162 | ||
| 011 | _a58134 | ||
| 035 | _a62289 | ||
| 040 | _cCHAP | ||
| 082 | 0 | 4 |
_a634.93 _bS68a |
| 100 | 0 | 0 |
_aSpurr, Stephen Hopkins. _9109316 |
| 245 | 1 | 0 |
_aAerial photographs in forestry _c/por Stephen Hopkins Spurr |
| 260 |
_aNew York : _bRonald, _c1948 |
||
| 300 |
_a340 p. : _bilus. |
||
| 590 |
_aBATCH-UPD _b10 _c20130110 _lUCH01 _h1654 |
||
| 590 |
_aBATCH-UPD _b10 _c20130410 _lUCH01 _h1043 |
||
| 590 |
_aBATCH-UPD _b10 _c20130914 _lUCH01 _h1433 |
||
| 590 |
_aCONVERSION _b10 _c20130109 _lUCH01 _h1331 |
||
| 650 | 1 | 4 |
_aFotografía aérea. _942714 |
| 650 | 1 | 4 |
_aFotogrametría. _942720 |
| 901 | _aBK | ||
| 942 | _cLIBRO | ||
| 949 |
_a634.93 S68a _bBC _cLIBRO _d33724000248365 _eLIBRO _h23739 _i62289 _si |
||
| 999 |
_c57162 _d57162 |
||